000 00454cam a2200181ua 4500
020 _c27.00
041 _aeng
_h
082 _a537
_bACH/TE
100 _aAcharya, D.P .
245 _aText book of electricity and magnetism /
_cD.P.Acharya.
_hTextual Documents
250 _a12 /
_b.
260 _aMumbai :
_bOxford & IBH Book Company ,
_c1982.
300 _a507 ; .
365 _a27.00
504 _a
942 _cBK
999 _c11087
_d11087